000 00334nam a2200121Ia 4500
008 240731s9999 xx 000 0 und d
022 _a1521-0677
245 0 _aQuality Assurance : Good Practice, Regulation, and Law
260 _bTaylor & Francis
856 _uhttps://www.tandfonline.com/loi/uqua20
942 _2ddc
942 _cTFEJ
999 _c79102
_d79102
945 _a1
_bMadushi Gamage
_c1
_dMadushi Gamage